[Event "Steinfurt Bezirksliga 1516"]
[Site "Germany"]
[Date "2016.03.12"]
[Round "7.6"]
[White "Jonas, Alexander"]
[Black "Radisic, Sascha"]
[Result "1/2-1/2"]
[WhiteElo "1661"]
[BlackElo "1616"]
[PlyCount "34"]
[EventDate "2015.09.19"]
[EventType "team-tourn"]
[EventRounds "9"]
[EventCountry "GER"]
[SourceTitle "EXT 2017"]
[Source "ChessBase"]
[SourceDate "2016.10.25"]
[SourceVersion "1"]
[SourceVersionDate "2016.10.25"]
[SourceQuality "1"]
[WhiteTeam "Ibbenbueren II"]
[BlackTeam "Steinfurt II"]
[WhiteTeamCountry "GER"]
[BlackTeamCountry "GER"]

1. Nf3 Nf6 2. c4 c5 3. b3 g6 4. Bb2 Bg7 5. g3 b6 6. Bg2 Bb7 7. 0-0 0-0 8. d4 cxd4 9. Qxd4 Nc6 10. Qe3 d6 11. a3 Qc7 12. Nc3 Na5 13. Nb5 Qd7 14. Rab1 Ng4 15. Qd3 Bxb2 16. Rxb2 Bxf3 17. Qxf3 Nf6 1/2-1/2

[Event "Steinfurt Bezirksliga 1516"]
[Site "Germany"]
[Date "2016.01.23"]
[Round "5.5"]
[White "Schal, Eduard"]
[Black "Jonas, Alexander"]
[Result "0-1"]
[WhiteElo "1545"]
[BlackElo "1661"]
[PlyCount "100"]
[EventDate "2015.09.19"]
[EventType "team-tourn"]
[EventRounds "9"]
[EventCountry "GER"]
[SourceTitle "EXT 2017"]
[Source "ChessBase"]
[SourceDate "2016.10.25"]
[SourceVersion "1"]
[SourceVersionDate "2016.10.25"]
[SourceQuality "1"]
[WhiteTeam "Steinfurt III"]
[BlackTeam "Ibbenbueren II"]
[WhiteTeamCountry "GER"]
[BlackTeamCountry "GER"]

1. d4 g6 2. e4 Bg7 3. c4 c5 4. Nf3 d6 5. d5 Bg4 6. Be2 Nf6 7. Nc3 Nbd7 8. 0-0 Nb6 9. e5 Nfd7 10. e6 fxe6 11. Ng5 Bxe2 12. Nxe2 Nf8 13. Nf4 Bf6 14. Nfxe6 Qd7 15. Nxf8 Kxf8 16. Ne6+ Kf7 17. Qe2 Rab8 18. Re1 Rhe8 19. Bg5 Na8 20. Qf3 b5 21. Qh3 Kg8 22. Qh4 Bxg5 23. Qxg5 Nc7 24. f4 Nxe6 25. Rxe6 Rf8 26. Rxe7 Qf5 27. Qh6 Rf7 28. Rae1 Rbf8 29. g3 bxc4 30. Rxf7 Qxf7 31. Re6 Rd8 32. Qg5 Rd7 33. g4 Qg7 34. f5 Qd4+ 35. Qe3 Qxg4+ 36. Kf1 Qxf5+ 37. Kg1 Qb1+ 38. Kg2 Qxb2+ 39. Kh3 Qd4 40. Qh6 Qd3+ 41. Re3 Qf5+ 42. Kg3 Rf7 43. Re8+ Rf8 44. Rxf8+ Qxf8 45. Qxf8+ Kxf8 46. Kf3 Ke7 47. Ke3 Kf6 48. Ke4 a5 49. a4 g5 50. h3 h5 0-1

[Event "Muensterland Verbandsklasse 1314"]
[Site "Germany"]
[Date "2013.12.21"]
[Round "4.8"]
[White "Jonas, Alexander"]
[Black "Schley, Robert"]
[Result "1-0"]
[WhiteElo "1580"]
[BlackElo "1541"]
[PlyCount "61"]
[EventDate "2013.09.21"]
[EventType "team-tourn"]
[EventRounds "9"]
[EventCountry "GER"]
[SourceTitle "EXT 2015"]
[Source "ChessBase"]
[SourceDate "2014.11.20"]
[SourceVersion "1"]
[SourceVersionDate "2014.11.20"]
[SourceQuality "1"]
[WhiteTeam "Ibbenbueren"]
[BlackTeam "Stadtlohn"]
[WhiteTeamCountry "GER"]
[BlackTeamCountry "GER"]

1. Nf3 Nc6 2. c4 e6 3. b3 d5 4. cxd5 exd5 5. g3 Nf6 6. Bb2 Be7 7. Bg2 Be6 8. 0-0 0-0 9. d3 a6 10. a3 Rc8 11. Nbd2 Nd7 12. Rc1 Bf6 13. Qc2 Nce5 14. Nd4 c5 15. Nxe6 fxe6 16. Bh3 Qe7 17. e4 Nc6 18. Rfe1 Bxb2 19. Qxb2 d4 20. f4 e5 21. Bxd7 Qxd7 22. f5 Nd8 23. Nc4 Qe7 24. Nb6 Rc6 25. Nd5 Qd6 26. b4 b5 27. bxc5 Rxc5 28. Rxc5 Qxc5 29. Rc1 Qd6 30. Rc8 Nc6 31. Rxc6 1-0

[Event "Steinfurt Bezirksliga 1314"]
[Site "Germany"]
[Date "2013.09.14"]
[Round "1.4"]
[White "Jonas, Alexander"]
[Black "Plagge, Christian"]
[Result "1-0"]
[WhiteElo "1595"]
[BlackElo "1484"]
[PlyCount "103"]
[EventDate "2013.09.14"]
[EventType "team-tourn"]
[EventRounds "9"]
[EventCountry "GER"]
[SourceTitle "EXT 2015"]
[Source "ChessBase"]
[SourceDate "2014.11.20"]
[SourceVersion "1"]
[SourceVersionDate "2014.11.20"]
[SourceQuality "1"]
[WhiteTeam "Ibbenbueren II"]
[BlackTeam "Emsdetten Turm III"]
[WhiteTeamCountry "GER"]
[BlackTeamCountry "GER"]

1. Nf3 c5 2. c4 d6 3. g3 Bg4 4. Bg2 Qd7 5. h3 Bh5 6. Nc3 e5 7. g4 Bg6 8. Nh4 Be7 9. Nxg6 hxg6 10. e3 Nc6 11. Nd5 Nf6 12. d3 Bd8 13. Bd2 Nxd5 14. Bxd5 Ne7 15. Qf3 Nxd5 16. Qxd5 Qc6 17. Qxc6+ bxc6 18. Bc3 g5 19. 0-0-0 Bb6 20. f4 gxf4 21. exf4 f6 22. fxe5 fxe5 23. Rdf1 Ke7 24. Bd2 Raf8 25. Bg5+ Ke8 26. h4 Bd8 27. Bxd8 Kxd8 28. h5 Ke7 29. Kd2 Rxf1 30. Rxf1 Rf8 31. Rxf8 Kxf8 32. Ke3 Kf7 33. g5 Ke6 34. Kf3 Kf5 35. h6 Kg6 36. Kg4 gxh6 37. gxh6 d5 38. b3 dxc4 39. dxc4 Kxh6 40. Kf5 e4 41. Kxe4 Kg6 42. Ke5 Kf7 43. Kd6 Ke8 44. Kxc6 Kd8 45. Kxc5 Kc7 46. b4 Kd7 47. b5 Kc7 48. a4 Kd7 49. a5 Kc7 50. b6+ axb6+ 51. axb6+ Kb7 52. Kb5 1-0

[Event "Steinfurt Bezirksliga 1213"]
[Site "Germany"]
[Date "2013.05.04"]
[Round "9.5"]
[White "Jonas, Alexander"]
[Black "Diepenbrock, Till"]
[Result "1/2-1/2"]
[WhiteElo "1595"]
[BlackElo "1804"]
[PlyCount "54"]
[EventDate "2012.09.22"]
[EventType "team-tourn"]
[EventRounds "9"]
[EventCountry "GER"]
[SourceTitle "EXT 2015"]
[Source "ChessBase"]
[SourceDate "2014.11.20"]
[SourceVersion "1"]
[SourceVersionDate "2014.11.20"]
[SourceQuality "1"]
[WhiteTeam "Ibbenbueren II"]
[BlackTeam "Nordwalde"]
[WhiteTeamCountry "GER"]
[BlackTeamCountry "GER"]

1. Nf3 c5 2. c4 Nc6 3. b3 e6 4. Bb2 d5 5. cxd5 exd5 6. g3 Nf6 7. Bg2 Bf5 8. 0-0 Be7 9. d4 0-0 10. a3 Rc8 11. dxc5 Bxc5 12. b4 Be7 13. Nbd2 Qb6 14. Rc1 Rfd8 15. Qb3 h6 16. Qa2 Qa6 17. Qa1 Qb6 18. Nb3 a5 19. Nbd4 Bh7 20. Nxc6 bxc6 21. Bd4 Qa6 22. Qc3 axb4 23. axb4 Ne4 24. Qb2 f6 25. Bc5 Nxc5 26. bxc5 Rb8 27. Qa1 Qxa1 1/2-1/2

[Event "Steinfurt Bezirksliga 1213"]
[Site "Germany"]
[Date "2013.01.12"]
[Round "5.8"]
[White "Bahr, Maximilian"]
[Black "Jonas, Alexander"]
[Result "0-1"]
[WhiteElo "1141"]
[BlackElo "1595"]
[PlyCount "72"]
[EventDate "2012.09.22"]
[EventType "team-tourn"]
[EventRounds "9"]
[EventCountry "GER"]
[SourceTitle "EXT 2015"]
[Source "ChessBase"]
[SourceDate "2014.11.20"]
[SourceVersion "1"]
[SourceVersionDate "2014.11.20"]
[SourceQuality "1"]
[WhiteTeam "Rheine SG"]
[BlackTeam "Ibbenbueren II"]
[WhiteTeamCountry "GER"]
[BlackTeamCountry "GER"]

1. e4 c5 2. Nf3 g6 3. d4 Bg7 4. Be3 cxd4 5. Bxd4 Nf6 6. Nc3 Nc6 7. Bc4 Nxd4 8. Nxd4 Qb6 9. Nb3 d6 10. h3 0-0 11. 0-0 a6 12. Re1 Qc7 13. Bd3 b5 14. Ne2 Bb7 15. Ng3 Nd7 16. c3 Ne5 17. Nd4 Rac8 18. Bc2 Nc4 19. Rb1 Nxb2 20. Rxb2 Qxc3 21. Rb1 Bxd4 22. Bb3 Qc5 23. Qf3 Qe5 24. Rbc1 e6 25. Qg4 a5 26. a4 b4 27. Rcd1 Rc3 28. Ne2 Bxf2+ 29. Kxf2 Rxb3 30. Nd4 Rc3 31. Nb5 Rc6 32. Rd3 Ba6 33. Red1 Bxb5 34. axb5 Qxb5 35. Rxd6 Rxd6 36. Rxd6 Qc5+ 0-1

[Event "Steinfurt Bezirksliga 1112"]
[Site "Germany"]
[Date "2012.01.07"]
[Round "4.7"]
[White "Reker, Yves"]
[Black "Jonas, Alexander"]
[Result "1/2-1/2"]
[WhiteElo "1474"]
[BlackElo "1637"]
[PlyCount "119"]
[EventDate "2011.10.01"]
[EventType "team-tourn"]
[EventRounds "9"]
[EventCountry "GER"]
[SourceTitle "EXT 2013"]
[Source "ChessBase"]
[SourceDate "2012.11.22"]
[SourceVersion "1"]
[SourceVersionDate "2012.11.22"]
[SourceQuality "1"]
[WhiteTeam "Rheine SG"]
[BlackTeam "Ibbenbueren II"]
[WhiteTeamCountry "GER"]
[BlackTeamCountry "GER"]

1. e4 c5 2. Nf3 g6 3. d4 Bg7 4. Bc4 d6 5. 0-0 cxd4 6. Nxd4 Nc6 7. Nb3 Nf6 8. Nc3 0-0 9. Re1 a6 10. a4 b6 11. Bg5 Bb7 12. Qd2 Rc8 13. Bh6 Ne5 14. Bd3 Nc4 15. Bxc4 Rxc4 16. Qd3 Rxc3 17. Qxc3 Bxh6 18. e5 dxe5 19. Qxe5 e6 20. c4 Bg7 21. Rad1 Qc8 22. Qd6 Qxc4 23. Qxb6 Bd5 24. Re3 Qxa4 25. Ra1 Qg4 26. Rg3 Qe2 27. Nd4 Qxb2 28. Qxb2 Ne4 29. Rd3 Nc5 30. Rdd1 Nb3 31. Rab1 a5 32. Ra1 Nxa1 33. Qxa1 Bb3 34. Rd2 a4 35. Qa3 Rb8 36. Nxb3 axb3 37. Rd1 b2 38. Rb1 h5 39. g3 Bf6 40. h4 Kg7 41. Kg2 Rb7 42. Qd3 Rb4 43. Kh3 Kg8 44. Qe3 Kg7 45. f3 Kg8 46. Kg2 Kg7 47. Kf1 Rc4 48. Qd2 Rc3 49. Rxb2 Rxf3+ 50. Kg2 Rf5 51. Rb3 Rd5 52. Rd3 Rb5 53. Kh3 g5 54. Qe2 g4+ 55. Kg2 Rb2 56. Rd2 Rb3 57. Rd7 Rb2 58. Rd2 Rb1 59. Rd7 Rb2 60. Rd2 1/2-1/2

[Event "Muensterland Verbandsklasse-B 1011"]
[Site "Germany"]
[Date "2010.12.11"]
[Round "4.6"]
[White "Gerighausen, Karl Heinz"]
[Black "Jonas, Alexander"]
[Result "1/2-1/2"]
[WhiteElo "1687"]
[BlackElo "1667"]
[PlyCount "90"]
[EventDate "2010.09.18"]
[EventType "team-tourn"]
[EventRounds "9"]
[EventCountry "GER"]
[SourceTitle "EXT 2012"]
[Source "ChessBase"]
[SourceDate "2011.11.24"]
[SourceVersion "1"]
[SourceVersionDate "2011.11.24"]
[SourceQuality "1"]
[WhiteTeam "Ibbenbueren"]
[BlackTeam "Westerkappeln"]
[WhiteTeamCountry "GER"]
[BlackTeamCountry "GER"]

1. e4 c5 2. Nf3 d6 3. Bb5+ Bd7 4. Bxd7+ Qxd7 5. 0-0 Nf6 6. Re1 g6 7. c3 Bg7 8. d4 cxd4 9. cxd4 0-0 10. Nc3 b5 11. Qb3 a6 12. a4 bxa4 13. Rxa4 Qc7 14. h3 Nbd7 15. Be3 Qb8 16. Qa2 Qb7 17. e5 Ne4 18. Nxe4 Qxe4 19. Bg5 Qb7 20. Bxe7 dxe5 21. Bxf8 Rxf8 22. Rxa6 exd4 23. Ra7 Qc6 24. Qa4 Qxa4 25. Rxa4 Nc5 26. Rc4 Nd3 27. Rb1 Rd8 28. b4 Nf4 29. b5 Ne2+ 30. Kf1 Nc3 31. Rb3 Ra8 32. g3 Ra1+ 33. Kg2 Ra2 34. Rc8+ Bf8 35. Nxd4 Ne4 36. Rc2 Ra4 37. Nc6 Nc5 38. Rb1 Nb7 39. Ne5 Bd6 40. Nd7 Kg7 41. b6 Ra8 42. Rc7 Bxc7 43. bxc7 Nd6 44. Rb6 Ne8 45. Ne5 Nxc7 1/2-1/2

[Event "Muensterland Verbandsklasse-B 1011"]
[Site "Germany"]
[Date "2010.09.18"]
[Round "1.5"]
[White "Klueppel, Ralf"]
[Black "Jonas, Alexander"]
[Result "1-0"]
[WhiteElo "1746"]
[BlackElo "1667"]
[PlyCount "83"]
[EventDate "2010.09.18"]
[EventType "team-tourn"]
[EventRounds "9"]
[EventCountry "GER"]
[SourceTitle "EXT 2012"]
[Source "ChessBase"]
[SourceDate "2011.11.24"]
[SourceVersion "1"]
[SourceVersionDate "2011.11.24"]
[SourceQuality "1"]
[WhiteTeam "Borken"]
[BlackTeam "Westerkappeln"]
[WhiteTeamCountry "GER"]
[BlackTeamCountry "GER"]

1. d4 Nf6 2. Nf3 d6 3. e3 g6 4. Nbd2 Nbd7 5. c4 c6 6. b3 Bg7 7. Bb2 0-0 8. Be2 Qa5 9. 0-0 d5 10. Qc2 Re8 11. h3 a6 12. a3 Qb6 13. Bd3 Nf8 14. Rac1 Bd7 15. Ne5 Rad8 16. Ndf3 Ne6 17. Nd2 Nf8 18. f4 e6 19. b4 Rc8 20. Bc3 Qc7 21. Ndf3 Red8 22. Be1 Ne8 23. Bh4 f6 24. Ng4 Rb8 25. Qf2 Bc8 26. Bg3 Qe7 27. f5 Ra8 28. fxg6 hxg6 29. c5 Bd7 30. Nh4 f5 31. Ne5 Bxe5 32. Bxe5 Nf6 33. Qg3 Qf7 34. Bd6 Be8 35. Nf3 Ne4 36. Bxe4 dxe4 37. Ng5 Qg7 38. Bxf8 Qxf8 39. Nxe6 Qh6 40. Nxd8 Rxd8 41. Rce1 Rd7 42. Rxf5 1-0

[Event "Steinfurt Bezirksliga 0910"]
[Site "Germany"]
[Date "2010.04.24"]
[Round "8.6"]
[White "Giese, Benjamin"]
[Black "Jonas, Alexander"]
[Result "1/2-1/2"]
[WhiteElo "1556"]
[BlackElo "1690"]
[PlyCount "73"]
[EventDate "2009.09.12"]
[EventType "team-tourn"]
[EventRounds "9"]
[EventCountry "GER"]
[SourceTitle "EXT 2011"]
[Source "ChessBase"]
[SourceDate "2010.11.26"]
[SourceVersion "1"]
[SourceVersionDate "2010.11.26"]
[SourceQuality "1"]
[WhiteTeam "Steinfurt II"]
[BlackTeam "Westerkappeln"]
[WhiteTeamCountry "GER"]
[BlackTeamCountry "GER"]

1. c4 c5 2. Nf3 Nf6 3. g3 b6 4. Bg2 Bb7 5. 0-0 g6 6. Nc3 Bg7 7. Rb1 0-0 8. b3 d5 9. cxd5 Nxd5 10. Nxd5 Qxd5 11. Nh4 Qd7 12. Bxb7 Qxb7 13. Bb2 e5 14. Nf3 Nc6 15. Qc2 Qe7 16. a3 Rad8 17. d3 Rfe8 18. b4 Nd4 19. Nxd4 exd4 20. bxc5 Rc8 21. Qa4 Rxc5 22. Rfe1 Rec8 23. Bxd4 Ra5 24. Qb4 Qe6 25. Bxg7 Kxg7 26. Qb2+ Kg8 27. Rec1 Rf8 28. e3 Qd6 29. Rc3 h5 30. d4 h4 31. Qb4 Qd7 32. Qc4 hxg3 33. hxg3 Rh5 34. Qc6 Qh3 35. Qg2 Qf5 36. Rbc1 Qd7 37. Qc6 1/2-1/2

[Event "Muensterland Verbandsklasse-B 0809"]
[Site "Germany"]
[Date "2009.02.28"]
[Round "7.7"]
[White "Jonas, Alexander"]
[Black "Steens, Rudolf"]
[Result "1-0"]
[WhiteElo "1626"]
[BlackElo "1815"]
[PlyCount "51"]
[EventDate "2008.09.13"]
[EventType "tourn"]
[EventRounds "9"]
[EventCountry "GER"]
[SourceTitle "EXT 2010"]
[Source "ChessBase"]
[SourceDate "2010.11.25"]
[SourceVersion "1"]
[SourceVersionDate "2010.11.25"]
[SourceQuality "1"]
[WhiteTeam "Westerkappeln"]
[BlackTeam "Nordwalde"]
[WhiteTeamCountry "GER"]
[BlackTeamCountry "GER"]

1. Nf3 d5 2. b3 c5 3. Bb2 f6 4. e3 e5 5. d4 cxd4 6. exd4 e4 7. Nfd2 Bb4 8. c4 Be6 9. Nc3 dxc4 10. Bxc4 Bxc4 11. Nxc4 Ne7 12. 0-0 Bxc3 13. Bxc3 Nd5 14. Qh5+ g6 15. Qh3 Qd7 16. Qg3 0-0 17. Bb2 b5 18. Ne3 Nc6 19. a3 a5 20. h4 Rf7 21. Rac1 Nce7 22. Rc5 f5 23. Nxd5 Nxd5 24. Qe5 Rd8 25. Rfc1 Re7 26. Rxd5 1-0

[Event "Muensterland Verbandsklasse-B 0708"]
[Site "Germany"]
[Date "2008.01.26"]
[Round "5.6"]
[White "Jonas, Alexander"]
[Black "Heine, Rolf"]
[Result "0-1"]
[WhiteElo "1650"]
[BlackElo "1844"]
[PlyCount "90"]
[EventDate "2007.09.15"]
[EventType "team-tourn"]
[EventRounds "9"]
[EventCountry "GER"]
[SourceTitle "EXT 2009"]
[Source "ChessBase"]
[SourceDate "2008.11.26"]
[SourceVersion "1"]
[SourceVersionDate "2008.11.26"]
[SourceQuality "1"]
[WhiteTeam "Westerkappeln"]
[BlackTeam "Sendenhorst"]
[WhiteTeamCountry "GER"]
[BlackTeamCountry "GER"]

1. Nf3 c5 2. c4 g6 3. g3 Bg7 4. Bg2 Nc6 5. Nc3 e5 6. d3 Nge7 7. e4 0-0 8. 0-0 d6 9. Ng5 h6 10. Nh3 Be6 11. f3 Qd7 12. Nf2 f5 13. Bd2 f4 14. Nd5 g5 15. Bc3 Nd4 16. Bxd4 exd4 17. Nxe7+ Qxe7 18. g4 Qd7 19. Qd2 Qa4 20. b3 Qa3 21. Rab1 Rfb8 22. Rfe1 Be5 23. Re2 b5 24. Qc1 Qxc1+ 25. Rxc1 bxc4 26. dxc4 a5 27. Nd3 a4 28. b4 cxb4 29. Rb2 b3 30. a3 Rc8 31. c5 Rc6 32. Bf1 Rac8 33. Rbb1 Bf6 34. e5 dxe5 35. Re1 Kf7 36. Rxe5 Bxe5 37. Nxe5+ Ke7 38. Nxc6+ Rxc6 39. Bb5 Rxc5 40. Bxa4 Rc3 41. Kf2 Bd5 42. Bb5 Rxf3+ 43. Ke2 Re3+ 44. Kd2 Be4 45. Bc4 Bxb1 0-1

[Event "Steinfurt Bezirksliga 0405"]
[Site "Germany"]
[Date "2004.12.11"]
[Round "4.6"]
[White "Jonas, Alexander"]
[Black "Simon, Oliver"]
[Result "1/2-1/2"]
[WhiteElo "1699"]
[BlackElo "1703"]
[PlyCount "94"]
[EventDate "2004.09.25"]
[EventType "team-tourn"]
[EventRounds "11"]
[EventCountry "GER"]
[SourceTitle "EXT 2006"]
[Source "ChessBase"]
[SourceDate "2005.11.24"]
[SourceVersion "1"]
[SourceVersionDate "2005.11.24"]
[SourceQuality "1"]
[WhiteTeam "Ibbenbueren II"]
[BlackTeam "Westerkappeln"]
[WhiteTeamCountry "GER"]
[BlackTeamCountry "GER"]

1. c4 c5 2. g3 g6 3. d4 Bg7 4. d5 Nf6 5. Bg2 0-0 6. Nf3 d6 7. Nc3 Nbd7 8. 0-0 Nb6 9. Qb3 Bg4 10. h3 Bxf3 11. Bxf3 Rb8 12. a4 a5 13. Bd2 Nbd7 14. Nb5 Ne5 15. Bg2 Ra8 16. Rae1 Ne8 17. f4 Nd7 18. e4 Nc7 19. Nc3 Rb8 20. Ne2 Na6 21. Nc1 Nb4 22. Bc3 f6 23. Qd1 Nb6 24. b3 Nd7 25. Nd3 Nxd3 26. Qxd3 b6 27. Qe2 Qc7 28. h4 Rbe8 29. Bh3 f5 30. Bxg7 Kxg7 31. Qb2+ Rf6 32. e5 dxe5 33. fxe5 Rff8 34. d6 Qb8 35. g4 e6 36. gxf5 gxf5 37. Rf2 Qd8 38. Rg2+ Kh8 39. Qf2 Rg8 40. Rxg8+ Rxg8+ 41. Kh2 Rg7 42. Qf4 Qg8 43. Re2 Qd8 44. Rg2 Rf7 45. Rg5 Nf8 46. Qg3 Nd7 47. Qc3 Qf8 1/2-1/2

[Event "Steinfurt Bezirksliga 0304"]
[Site "Germany"]
[Date "2004.02.21"]
[Round "5.3"]
[White "Pohlmeier, Ulrich"]
[Black "Jonas, Alexander"]
[Result "0-1"]
[WhiteElo "1621"]
[BlackElo "1696"]
[PlyCount "162"]
[EventDate "2003.10.18"]
[EventType "team-tourn"]
[EventRounds "9"]
[EventCountry "GER"]
[SourceTitle "EXT 2005"]
[Source "ChessBase"]
[SourceDate "2004.11.15"]
[SourceVersion "1"]
[SourceVersionDate "2004.11.15"]
[SourceQuality "1"]
[WhiteTeam "Rheine Klein Berlin II"]
[BlackTeam "Ibbenbueren II"]
[WhiteTeamCountry "GER"]
[BlackTeamCountry "GER"]

1. e4 d6 2. d4 Nf6 3. Nc3 g6 4. Bc4 Bg7 5. Qd3 0-0 6. Nce2 Nc6 7. c3 Na5 8. Bb3 Nxb3 9. axb3 c6 10. Nf3 Bg4 11. 0-0 Nd7 12. b4 Nb6 13. h3 Be6 14. Nd2 f5 15. Nf4 Bd7 16. Re1 Qc7 17. Nf3 e5 18. Ne2 fxe4 19. Qxe4 Bf5 20. Qh4 Nd5 21. g4 Bd3 22. Ng5 Bf6 23. Qg3 Bxg5 24. Qxd3 Bh4 25. Rf1 Qf7 26. f3 a6 27. dxe5 dxe5 28. Qe4 Nf4 29. Nxf4 exf4 30. Qc2 Qe7 31. b3 Rae8 32. Ra2 Bg3 33. Qd3 Rf7 34. Qc4 Qh4 35. Kg2 Qe7 36. Rb2 h6 37. Rd1 Qe6 38. Qxe6 Rxe6 39. Rbd2 Rfe7 40. Rd8+ Kf7 41. R8d7 Re2+ 42. Kf1 Rh2 43. Ba3 Rf2+ 44. Kg1 Ra2 45. Bc1 Rc2 46. R7d3 Bf2+ 47. Kf1 Be3 48. Bxe3 fxe3 49. c4 Rf2+ 50. Kg1 Rxf3 51. Rf1 Rxf1+ 52. Kxf1 e2+ 53. Ke1 Kf6 54. h4 h5 55. gxh5 gxh5 56. Rf3+ Kg6 57. Rg3+ Kh6 58. Rd3 Re6 59. Rf3 Re4 60. Rf7 Rxh4 61. Rxb7 Rh3 62. Rb6 Rc3 63. Rxa6 Kg5 64. Kxe2 h4 65. Kf2 Kg4 66. Ra5 Rf3+ 67. Ke2 h3 68. Rg5+ Kxg5 69. Kxf3 Kh4 70. Kf2 Kg4 71. Kg1 Kg3 72. Kh1 Kf3 73. Kh2 Ke3 74. Kxh3 Kd3 75. Kg3 Kc3 76. Kf3 Kxb3 77. Ke3 Kxb4 78. Kd2 Kxc4 79. Kc1 Kc3 80. Kd1 c5 81. Kc1 c4 0-1

[Event "Steinfurt Bezirksliga 0304"]
[Site "Germany"]
[Date "2003.11.22"]
[Round "2.6"]
[White "Merschkoetter, Peter"]
[Black "Jonas, Alexander"]
[Result "1/2-1/2"]
[WhiteElo "1645"]
[BlackElo "1696"]
[PlyCount "81"]
[EventDate "2003.10.18"]
[EventType "team-tourn"]
[EventRounds "9"]
[EventCountry "GER"]
[SourceTitle "EXT 2005"]
[Source "ChessBase"]
[SourceDate "2004.11.15"]
[SourceVersion "1"]
[SourceVersionDate "2004.11.15"]
[SourceQuality "1"]
[WhiteTeam "Reckenfeld"]
[BlackTeam "Ibbenbueren II"]
[WhiteTeamCountry "GER"]
[BlackTeamCountry "GER"]

1. e4 c5 2. Nf3 d6 3. d4 cxd4 4. Nxd4 Nf6 5. Bd3 g6 6. h3 Bg7 7. c3 Nc6 8. Nf3 0-0 9. Be3 b6 10. 0-0 Bb7 11. Nbd2 Qc7 12. Bf4 Nd7 13. Re1 Nc5 14. Bc2 Rac8 15. h4 e5 16. Bg3 Ba6 17. Nf1 Bxf1 18. Kxf1 h6 19. Qd2 Na5 20. Rad1 Nc4 21. Qc1 b5 22. Nd2 Nb6 23. f4 Qe7 24. Nf3 f6 25. Nh2 g5 26. f5 Rfd8 27. hxg5 hxg5 28. Bf2 Bf8 29. Ng4 Qf7 30. b4 Nca4 31. Bb3 Nc4 32. Ne3 Nab6 33. Nd5 Nxd5 34. Rxd5 a6 35. Red1 Kg7 36. Bc5 Qc7 37. Bxc4 dxc5 38. Rxd8 Rxd8 39. Rxd8 Qxd8 40. Bd5 cxb4 41. cxb4 1/2-1/2